000 00669nam a2200229 i 4500
001 C2-0276389
003 PPAK
005 20180728004823.0
008 061127s2006 my |||| ||||| | may d
020 _a9833391613 ; 9789833391615
040 _aPPAK
_beng
_cPPAK
_erda
082 0 4 _a297.37
_223
090 0 0 _a297.37
_bKOL
_dR
245 0 0 _aKoleksi emas khutbah Jumaat Masjid al-Malik Khalid
264 1 _aPulau Pinang :
_bPenerbit Universiti Sains Malaysia ,
_c2006
300 _axviii, 340 pages ;
_c24 cm
336 _2rdacontent
_atext
337 _2rdamedia
_aunmediated
338 _2rdacarrier
_avolume
650 1 0 _aIslamic sermons, Malay.
942 _ddc
_cB
999 _c83840
_d83840